000 00282nam a2200133Ia 4500
100 _aMarathe/ Milind S
942 _cBK
654 _aelectrical
245 _aElectrical Network
260 _bNandu Pub
_aPune
_c1999
082 _a621.319
_bMAR
300 _a416
546 _aENGLISH
999 _c32624
_d32624